000 00331 a2200157 4500
001 62208
020 _a9783884233375
040 _cAnchieta - Pituba
100 _aSülz, Christian
240 1 0 _aLyrix
_ldeu / ger
245 1 0 _aLyrix
300 _a149
362 0 _a2009
650 4 _aLiteratura juvenil em alemão
942 _cBK
999 _c62208
_d62208